000 01669nam a2200301 i 4500
003 DO-SdBNP
005 20230919103922.0
007 ta
008 190715s2022 a 000 spa d
040 _aDO-SdBNP
_bspa
_cBNPHU
_erda
082 _222
_bE82e
245 0 0 _aEstrategia de educación entre pares :
_bcartillas para multiplicadoras y multiplicadores adolescentes y jóvenes en educación integral en sexualidad /
_cequipo responsable Leopoldina Cairo, Myrna Flores, Fernando de la Rosa, Flérida Olivo, Kirssy Santana
260 _a2a. edición
264 1 _aSanto Domingo ;
_bProfamilia,
_bBúho,
_c2022.
300 _a6 volúmenes
336 _2rdacontent
_atexto
_btxt
337 _2rdamedia
_asin mediación
_bn
338 _2rdacarrier
_avolumen
_bnc
505 _gCartilla1 --
_tHablemos de género, igualdad y su relación con la sexualidad --
_gCartilla 2 --
_tHablemos sobre cambios en mi cuerpo y vida, sexualidad y reproducción --
_gCartilla 3 --
_tHablemos sobre mis derechos como ser humano y como adolescente--
_gCartilla 4 --
_tHablemos sobre el embarazo en la adolescencia y las ITS --
_gCartilla 5 --
_tHablemos sobre mi relación con las personas basada en el respeto y la igualdad --
_gCartilla 6 --
_tHablemos sobre mi proyecto de vida y toma de decisiones /
590 _aInventariado, 2023/ YL
700 1 _aCairo, Leopoldina
_eequipo responsable
_984181
700 1 _aFlores, Myrna
_eequipo responsable
_984182
700 1 _aRosa, Fernando de la
_eequipo responsable
_9906
700 1 _aOlivo, Flérida
_eequipo responsable
_984183
700 1 _aSantana Vásquez, Kirssy
_eequipo responsable
_984184
910 _aYLockward
942 _2ddc
_cLF2
999 _c54819
_d54819